000 00431nam a2200181Ia 4500
001 18796
005 20260306171657.0
008 260306s9999||||xx |||||||||||||| ||und||
041 _aESP
082 _a658.5
_bE84
100 _aEspejo Gonzáles, Marco,
_eAUT
245 0 _aGestión de inventarios :
_bmétodos cuantitativos
260 _c2017
300 _a
_c
650 _aGEN
654 _aCAN
942 _cLIB
_dJUS
_fJUS
_2ddc
_n
999 _c18796
_d18796